KISS: The Demon #4 /

Sam Blackwell battles his own demon while taking over the world. Milo and Kimi try to figure out how to save it. The suspenseful conclusion to the ongoing KISS series prequel.

Bibliographic Details
Corporate Author: Library Pass, LLC
Other Authors: Chu, Amy (writer.), Burnham, Erik (writer.)
Format: eBook
Language:English
Published: [United States] : Dynamite, 2017.
Subjects:
Online Access:Connect to this electronic book (First time users create your free account)

MARC

Tag First Indicator Second Indicator Subfields
LEADER 00000nmm a22000001a 4500
001 in00004622921
006 m|||||o||m||||||||
007 cr|cn |||uuuuu
008 221118s2017 xxu||||eo|||| ||||||eng d
005 20221207220807.5
035 |a (TxWaIVM)IV74292DyKI 
040 |a TxWaIVM  |c TxWaIVM 
245 0 0 |a KISS: The Demon #4 /  |c powered by Library Pass. 
260 3 |a [United States] :  |b Dynamite,  |c 2017. 
300 |a 1 online resource. 
336 |a text  |b txt  |2 rdacontent 
337 |a computer  |b c  |2 rdamedia 
338 |a online resource  |b cr  |2 rdacarrier 
520 |a Sam Blackwell battles his own demon while taking over the world. Milo and Kimi try to figure out how to save it. The suspenseful conclusion to the ongoing KISS series prequel. 
521 |a 3 
538 |a Requires a valid library card and registration for new users. 
538 |a Mode of access: World Wide Web. 
538 |a System requirements: Flash 10.1 or higher, Windows XP and higher, Internet Explorer 7 and higher, Firefox 3.6 and higher, Google Chrome; Max OS 10.5 and higher, Safari 4 and higher. 
650 0 |a Horror comic books, strips, etc. 
655 7 |a Electronic books.  |2 local 
655 7 |a Horror comic books, strips, etc.  |2 gsafd 
650 0 |a Comic books, strips, etc. --Music 
655 7 |a Comic books, strips, etc. --Music  |2 gsafd 
650 0 |a Science fiction comic books, strips, etc. 
655 7 |a Science fiction comic books, strips, etc.  |2 gsafd 
700 1 |a Chu, Amy.  |e writer. 
700 1 |a Burnham, Erik.  |e writer. 
700 1 |a Casallos, Eman.  |e artist. 
710 2 |a Library Pass, LLC. 
856 4 0 |u http://proxy.library.tamu.edu/login?url=https://tamu.librarypass.com/product/com.iversecomics.dynamite.kiss.the.demon.four.english.04172017  |z Connect to this electronic book (First time users create your free account)  |t 0 
955 |a Comics Plus. 
999 f f |s 6cdbc6b3-4042-4617-810b-5148b566c01c  |i 38ab829f-633d-43f8-a298-31cd78d4f5af  |t 0 
952 f f |a Texas A&M University  |b College Station  |c Electronic Resources  |d Available Online  |t 0  |h Library of Congress classification 
998 f f |t 0  |l Available Online